000
00353nam a2200133Ia 4500
003
GCL
008
140319s9999 xx 000 0 ara d
040
_a
GCL /
_c
GCL
082
0
4
_a
778.53
_b
ا ف
100
1
_a
احمد الحضرى
245
1
0
_a
فن التصوير السينمائى /
_c
احمد الحضرى
300
_a
78 ص
490
_a
كتابك
_v
0
999
_c
47583
_d
47583